Szczegóły MARC21

Glamour /

003 -Nazwa inst., której nr kontr. jest w polu 001 [,]
    • @
    • Nazwa instytucji, której n kontrolny jest w polu 001
    • NUKAT
005 -DATA I CZAS OSTATNIEJ MODYFIKACJI [,]
    • @
    • pole kontrolne
    • 20241231112448.0
020 -Międzynarod. znormalizowany nr książki - ISBN [ , ]
    • z
    • Błędny ISBN (P)
    • 9788391666190 Find
040 -Instytucja sporządzająca opis [ , ]
    • a
    • Instytucja, która sporządziła opis (NP)
    • OLSZT 003/WO
    • c
    • Instytucja, która sporządziła rekord (NP)
    • OLSZT 003/WO
041 -Język dokumentu [1, ]
    • a
    • Język tekstu (P)
    • polski
    • a
    • Język tekstu (P)
    • angielski
    • h
    • Język tekstu oryginalnego i/lub pośredniego (P)
    • polski
942 -Rodzaj dokumentu [ , ]
    • c
    • Rodzaj dokumentu
    • Książka
245 -Strefa tytułu i oznaczenia odpowiedzialności [0,0]
    • a
    • Tytuł
    • Glamour / Find
    • c
    • Pozostałe elementy strefy tytułu i oznaczenia odpowiedzialności (NP)
    • [red. Arek Piętak ; tł. Marta Uścinowicz].
246 -Wariant tytułu [1,8]
    • a
    • Tytuł (NP)
    • InSPIRACJE/Glamour 2010
260 -Strefa adresu wydawniczego [ , ]
    • a
    • Miejsce wydania (P)
    • [Szczecin] :
    • b
    • Nazwa wydawcy (P)
    • 13 Muz,
    • c
    • Data wydania (P)
    • op. 2010.
300 -Strefa opisu fizycznego [ , ]
    • a
    • Określenie formy książki i/lub objętość (NP)
    • 187 s. :
    • b
    • Oznaczenie ilustracji (NP)
    • il. kolor. ;
    • c
    • Format (NP)
    • 25 cm.
336 -Typ zawartości [ , ]
    • a
    • Termin opisujący typ zawartości
    • Tekst
    • b
    • Kod określający zawartość
    • txt
    • 2
    • Źródło (terminu i kodu)
    • rdacontent
337 -Typ mediów [ , ]
    • a
    • Tryb odtwarzania
    • Bez urządzenia pośredniczącego
    • b
    • Kod typu mediów
    • n
    • 2
    • Źródło (terminu i kodu)
    • rdamedia
338 -Typ/rodzaj nośnika [ , ]
    • a
    • Hasło opisujące typ nośnika
    • Wolumin
    • b
    • Kod typu nośnika
    • nc
    • 2
    • Źródło (terminu i kodu)
    • rdacarrier
500 -Uwaga ogólna [ , ]
    • a
    • Uwaga ogólna (NP)
    • Na 4 s. okł.: Festiwal Sztuki Wizualnej inSPIRACJE Szczecin/ Poland 18-21.03.2010.
500 -Uwaga ogólna [ , ]
    • a
    • Uwaga ogólna (NP)
    • Na s. red.: 6. Międzynarodowy Festiwal Sztuki Wizualnej inSPIRACJE 2010=6. International Festival of Visual art InSPIRACJE.
500 -Uwaga ogólna [ , ]
    • a
    • Uwaga ogólna (NP)
    • Miejsce wyd. wg bazy ISBN.
546 -Uwaga dot. języka [ , ]
    • a
    • Uwaga dot. języka
    • Równolegle tekst pol. i przekł. ang.
611 -Hasło przedmiotowe w formie nazwy imprezy [2,7]
    • a
    • Nazwa imprezy
    • Międzynarodowy Festiwal Sztuki Wizualnej InSPIRACJE
    • n
    • Numer imprezy
    • (6 ;
    • d
    • Data imprezy
    • 2010 ;
    • c
    • Miejsce imprezy
    • Szczecin).
    • 2
    • Źródło terminu
    • kaba
    • 9
    • KHW
    • 309528
650 -Hasło przedmiotowe [ ,7]
    • a
    • Hasło przedmiotowe
    • Sztuka
    • y
    • Określnik chronologiczny
    • 1990-.
    • 2
    • Źródło terminu
    • kaba
    • 9
    • KHW
    • 132215
700 -Hasło dodatkowe - nazwa osobowa [1, ]
    • a
    • Nazwa osobowa (NP)
    • Piętak, Arek. Find
    • e
    • Określenie rodzaju współpracy
    • Red.
    • 9
    • KHW
    • 403537
700 -Hasło dodatkowe - nazwa osobowa [1, ]
    • a
    • Nazwa osobowa (NP)
    • Uścinowicz, Marta. Find
    • e
    • Określenie rodzaju współpracy
    • Tł.
    • 9
    • KHW
    • 610422
711 -Hasło dodatkowe - nazwa imprezy [2, ]
    • a
    • Nazwa imprezy (NP)
    • Międzynarodowy Festiwal Sztuki Wizualnej InSPIRACJE
    • n
    • Numer imprezy (P)
    • (6 ;
    • d
    • Data imprezy (NP)
    • 2010 ;
    • c
    • Miejsce imprezy (NP)
    • Szczecin).
    • 9
    • KHW
    • 309528
920 -ISBN [ , ]
    • z
    • Błędny ISBN
    • 978-83-916661-9-0 Find
Numer inwentarzowy Status udost. Lokalizacja
Ikn.11891BG